| 000 | 01601cam a2200313 i 4500 | ||
|---|---|---|---|
| 003 | SA-RiAUC | ||
| 005 | 20250624110134.0 | ||
| 008 | 250623s1993 su g b 000r0cara c | ||
| 024 | 0 | _a33000000002064 | |
| 040 |
_aSA-JeALM _bara _cSA-RiAUC _erda |
||
| 082 | 0 | 4 |
_a234.4 _qSA-RiAUC |
| 090 |
_a234.4 _bا ب ن ح |
||
| 100 | 1 |
_aابن حجر العسقلاني، أحمد بن علي بن محمد، _d773-852 هجري _eمؤلف. |
|
| 245 | 1 | 0 |
_aكتاب تعريف أهل التقديس بمراتب الموصوفين بالتدليس / _cتأليف الحافظ ابن حجر العسقلاني ؛ قدم له وحققه وعلق عليه الدكتور أحمد بن علي سير المباركي. |
| 246 | 3 | 0 | _aتعريف أهل التقديس بمراتب الموصوفين بالتدليس |
| 250 | _aالطبعة الاولى. | ||
| 264 | 1 |
_aالرياض : _bاحمد بن علي سير المباركي، _c1993 |
|
| 300 |
_a202 صفحة ؛ _c24 سم |
||
| 336 |
_aنص _btxt _2rdacontent _3كتاب |
||
| 337 |
_aبدون وسيط _bn _2rdamedia |
||
| 338 |
_aمجلد _bnc _2rdacarrier |
||
| 500 | _aالكتاب حقق على أربع نسخ مخطوطة. | ||
| 500 | _aاهداء من المحقق احمد بن علي المباركي بتاريخ 23 / 8 / 1423 هـ | ||
| 504 | _aببليوجرافية : صفحة 188-191. | ||
| 650 | 7 |
_aالحديث _xتراجم الرواة المدلسون _2aucsh |
|
| 700 | 1 |
_aالمباركي، أحمد بن علي بن أحمد سير، _d1368 هجري- _eمحقق. |
|
| 942 |
_2ddc _cBOOK _n0 |
||
| 949 |
_aSA-JeALM _d250623 _uosman123 _n1 |
||
| 999 |
_c9133 _d9133 |
||